Professional Military Education: (Record no. 204183)
[ view plain ]
| 000 -LEADER | |
|---|---|
| fixed length control field | 00702nam a22001937a 4500 |
| 005 - DATE AND TIME OF LATEST TRANSACTION | |
| control field | 20240718143437.0 |
| 010 ## - LCCN (DPL NO) | |
| LC control number | ENG-140888 |
| 020 ## - INTERNATIONAL STANDARD BOOK NUMBER | |
| International Standard Book Number | 9789394915381 |
| Terms of availability | 1680.00 |
| 035 ## - SYSTEM CONTROL NUMBER | |
| System control number | EN-124420 |
| 037 ## - SOURCE OF ACQUISITION | |
| Source of stock number/acquisition | DBAD |
| 082 ## - DEWEY DECIMAL CLASSIFICATION NUMBER | |
| Classification number | 355.07 |
| Edition number | 1 |
| 100 ## - MAIN ENTRY--PERSONAL NAME | |
| Personal name | Shivane, AB |
| 245 00 - TITLE STATEMENT | |
| Title | Professional Military Education: |
| Remainder of title | Making of The 21st Century Warrior/ |
| Statement of responsibility, etc | By AB Shivane, |
| 260 ## - PUBLICATION, DISTRIBUTION, ETC. (IMPRINT) | |
| Place of publication, distribution, etc | New Delhi |
| Name of publisher, distributor, etc | KW Publishers KW Publishers in association with Centre for Land Warfare Studies |
| Date of publication, distribution, etc | 2023 |
| 270 ## - ADDRESS | |
| Address | 4676/21, First Floor, Ansari Road, Daryaganj, |
| City | New Delhi |
| Postal code | 110002 |
| 300 ## - PHYSICAL DESCRIPTION | |
| Extent | xxviii,225p. |
| Dimensions | 24cm(Hb) |
| Other physical details | Index |
| 700 ## - ADDED ENTRY--PERSONAL NAME | |
| Personal name | Kanwal, Gurmeet |
| 9 (RLIN) | 68545 |
| 942 ## - ADDED ENTRY ELEMENTS (KOHA) | |
| Source of classification or shelving scheme | Dewey Decimal Classification |
| Item type | English Books |
| Call number suffix | SHI |
| Classification part | 355.07 |
| Withdrawn status | Lost status | Not for loan | Collection code | Home library | Current library | Date acquired | Source of acquisition | Cost, normal purchase price | Full call number | Barcode | Copy number | Cost, replacement price | Koha item type |
|---|---|---|---|---|---|---|---|---|---|---|---|---|---|
| Non-fiction | Narela | Narela | 18/07/2024 | DBAD | 1680.00 | SHI 355.07 | EN-124420 | 1 | 1680.00 | English Books |
